Statystyki dla Stolice azji (cz. 1)

Kliknij tutaj aby rozwiązać quiz!

Ogólne statystyki

  • Ten quiz został rozwiązany 19 razy
  • Średni wynik to 22 z 29

Statystyki odpowiedzi

państwostolica% Poprawnych
TurcjaAnkara
93%
RosjaMoskwa
93%
ChinyPekin
93%
TajlandiaBangkok
87%
IzraelJerozolima
87%
CyprNikozja
87%
KazachstanNur Sułtan
87%
JaponiaTokio
87%
WietnamHanoi
80%
EgiptKair
80%
GruzjaTbilisi
80%
IranTeheran
80%
MongoliaUłan Bator
80%
IndonezjaDżakarta
73%
ArmeniaErywań
73%
AfganistanKabul
73%
Korea PołudniowaSeul
73%
SingapurSingapur
73%
IrakBagdad
67%
SyriaDamaszek
67%
MalezjaKuala Lumpur
67%
Korea PółnocnaPjongjang
67%
Arabia SaudyjskaRijad
67%
TajwanTajpej
67%
Zjednoczone Emiraty ArabskieAbu Zabi
60%
BangladeszDhaka
60%
PakistanIslamabad
60%
NepalKatmandu
60%
IndieDelhi
53%

Rozkład punktacji

Percentyl według liczby udzielonych odpowiedzi

Procent ludzi z każdym wynikiem

Twoja historia wyników

Nie rozwiązałeś tego quizu